书目信息 |
| 题名: |
环境设施小品
|
|
| 作者: | 彭瑜 , 余瑛 主编 | |
| 分册: | ||
| 出版信息: | 南京 江苏凤凰美术出版社 2014.10 |
|
| 页数: | 109页 | |
| 开本: | 26cm | |
| 丛书名: | ||
| 单 册: | ||
| 中图分类: | TU984.14 | |
| 科图分类: | ||
| 主题词: | 城市公用设施--cheng shi gong yong she shi--环境设计--高等学校--教材 | |
| 电子资源: | ||
| ISBN: | 978-7-5344-7518-4 | |
| 000 | 01007nam0 2200289 450 | |
| 001 | CAL 012014163818 | |
| 005 | 20150803160016.32 | |
| 010 | @a978-7-5344-7518-4@dCNY45.00 | |
| 100 | @a20141113d2014 em y0chiy50 ea | |
| 101 | 0 | @achi |
| 102 | @aCN@b320000 | |
| 105 | @aa a 000yy | |
| 106 | @ar | |
| 200 | 1 | @a环境设施小品@Ahuan jing she shi xiao pin@d= Environmental facilites design@f主编彭瑜, 余瑛@zeng |
| 210 | @a南京@c江苏凤凰美术出版社@d2014.10 | |
| 215 | @a109页@c图 (部分彩图)@d26cm | |
| 320 | @a有书目 (第109页) | |
| 330 | @a本书共五章, 分别是环境设施小品的概念, 构筑物小品, 生活设施小品, 道路设施小品, 水景设施小品。 | |
| 333 | @a高等院校设计学精品课程规划教材 | |
| 510 | 1 | @aEnvironmental facilites design@zeng |
| 586 | @a | |
| 606 | 0 | @a城市公用设施@Acheng shi gong yong she shi@x环境设计@x高等学校@j教材 |
| 690 | @aTU984.14@v5 | |
| 701 | 0 | @a彭瑜@Apeng yu@4主编 |
| 701 | 0 | @a余瑛@Ayu ying@4主编 |
| 801 | 0 | @aCN@c20150820 |
| 905 | @a河南城建学院图书馆@dTU984.14@eP589@f3 | |
| 环境设施小品= Environmental facilites design/主编彭瑜, 余瑛.-南京:江苏凤凰美术出版社,2014.10 |
| 109页:图 (部分彩图);26cm |
| 使用对象:高等院校设计学精品课程规划教材 |
| ISBN 978-7-5344-7518-4:CNY45.00 |
| 本书共五章, 分别是环境设施小品的概念, 构筑物小品, 生活设施小品, 道路设施小品, 水景设施小品。 |
| ● |
| 相关链接 |
|
|
|
正题名:环境设施小品
索取号:TU984.14/P589
 
预约/预借
| 序号 | 登录号 | 条形码 | 馆藏地/架位号 | 状态 | 备注 |
| 1 | 1161827 | 211618276 | 建筑库201/201建筑库 93排1列3层/ [索取号:TU984.14/P589] | 在馆 | |
| 2 | 1161828 | 211618285 | 建筑库201/201建筑库 93排1列3层/ [索取号:TU984.14/P589] | 在馆 | |
| 3 | 1161829 | 211618294 | 建筑库201/201建筑库 93排1列3层/ [索取号:TU984.14/P589] | 在馆 |